<?xml version="1.0" encoding="UTF-8"?><?xml-stylesheet type="text/xsl" href="static/style.xsl"?><OAI-PMH xmlns="http://www.openarchives.org/OAI/2.0/" xmlns:xsi="http://www.w3.org/2001/XMLSchema-instance" xsi:schemaLocation="http://www.openarchives.org/OAI/2.0/ http://www.openarchives.org/OAI/2.0/OAI-PMH.xsd"><responseDate>2026-06-01T02:17:33Z</responseDate><request verb="GetRecord" identifier="oai:riuma.uma.es:10630/39645" metadataPrefix="marc">https://riuma.uma.es/rest/oai/request</request><GetRecord><record><header><identifier>oai:riuma.uma.es:10630/39645</identifier><datestamp>2026-02-03T11:30:58Z</datestamp><setSpec>com_10630_2254</setSpec><setSpec>col_10630_37953</setSpec></header><metadata><record xmlns="http://www.loc.gov/MARC21/slim" xmlns:dcterms="http://purl.org/dc/terms/" xmlns:doc="http://www.lyncode.com/xoai" xmlns:xsi="http://www.w3.org/2001/XMLSchema-instance" xsi:schemaLocation="http://www.loc.gov/MARC21/slim http://www.loc.gov/standards/marcxml/schema/MARC21slim.xsd">
   <leader>00925njm 22002777a 4500</leader>
   <datafield ind2=" " ind1=" " tag="042">
      <subfield code="a">dc</subfield>
   </datafield>
   <datafield ind2=" " ind1=" " tag="720">
      <subfield code="a">Alvar-Nuño, Antón</subfield>
      <subfield code="e">author</subfield>
   </datafield>
   <datafield ind2=" " ind1=" " tag="260">
      <subfield code="c">2017</subfield>
   </datafield>
   <datafield ind2=" " ind1=" " tag="520">
      <subfield code="a">Academic interest in magic has grown considerably during the last twenty years. Leaving aside the old stereotyped dichotomy between magic and religion, I consider magic a pragmatic subsystem of religion whose function is to alleviate or deal with daily life’s misfortunes. I suggest in this paper some possible approaches that might be interesting to deepen in the social study of Roman magic. This paper is divided in three sections. The first one deals with morality and magic: even if legal sanctions on magic can be influential in the individual’s decision to resort to magical practices, H. Versnel’s category of Prayers for Justice proved that some curses can be perceived as legitimate from the subjective point of view of the user; I suggest that subjective legitimation can in fact be applied to all Roman curses. The second section tackles the topic of emotions and magic: based on western conceptualisations of emotions, scholarly approaches on ancient magic have generally failed to see the evidence that make the choice of resorting to magic a rational option more than an emotional act. Finally, the third part of this paper analyses magic as rational choice in the individual’s strategies for decision taking.</subfield>
   </datafield>
   <datafield ind1="8" ind2=" " tag="024">
      <subfield code="a">Alvar Nuño, Antón, “Morality, Emotions and Reason: New Perspectives in the Study of Roman Magic”, Archiv für Religionsgeschichte 18-19 (2017), 307-325</subfield>
   </datafield>
   <datafield ind1="8" ind2=" " tag="024">
      <subfield code="a">https://hdl.handle.net/10630/39645</subfield>
   </datafield>
   <datafield ind1="8" ind2=" " tag="024">
      <subfield code="a">10.1515/arege-2016-0016</subfield>
   </datafield>
   <datafield tag="653" ind2=" " ind1=" ">
      <subfield code="a">Religión romana</subfield>
   </datafield>
   <datafield tag="653" ind2=" " ind1=" ">
      <subfield code="a">Magia antigua - Roma</subfield>
   </datafield>
   <datafield tag="653" ind2=" " ind1=" ">
      <subfield code="a">Magia - Aspectos religiosos</subfield>
   </datafield>
   <datafield ind2="0" ind1="0" tag="245">
      <subfield code="a">Morality, Emotions and Reason: New Perspectives in the Study of Roman Magic</subfield>
   </datafield>
</record>
</metadata></record></GetRecord></OAI-PMH>